Quizzes
Events
Quiz Creation
Community
Videos
Private Events
Remove Ads
Sign In
Join for FREE
Feedback
Dark Mode
Quiz Categories
Sports
Geography
Music
Movies
Television
Just For Fun
Miscellaneous
History
Literature
Language
Science
Gaming
Entertainment
Religion
Holiday
For Kids
Quiz Lab
Recent
Popular Today
Quiz Kudos Today
Editor Picks
Curator Picks
Quizzes by...
Day
Popularity
Type
Ratings
Length
Year
Community
Subscriptions
Recent Discussions
Orange Saloon
Badges
Playlists
Quests
Create
Leaderboards
Showdown
Live 5
Trivia Bingo
Activity
Puzzle Library
Sporcle Events
Private Events
Virtual Trivia
Globe League
Become a Host
Pub Owners
SporcleCon
Opinionation
Our Games
Videos
Blog
Mobile Apps
Partnerships
Remove Ads and Go Orange
Feedback
Sports
Athletes
MLB
NBA
NHL
NFL
Soccer
Sports Teams
WWE
NCAA
Football
Premier League
Basketball
Baseball
Hockey
Golf
Tennis
Cricket
Rugby
Auto Racing
Olympics
World Cup
Sports
Athletes
MLB
NBA
NHL
NFL
Soccer
Sports Teams
WWE
NCAA
Football
Premier League
Basketball
Baseball
Hockey
Golf
Tennis
Cricket
Rugby
Auto Racing
Olympics
World Cup
Random Quiz
Search Sporcle
×
Curator Pick
Curator Pick
Sports
WWE
Type in answers that appear in a list
Type in answers that appear in a list
Classic
Best Score? Go Orange.
Most Elimination Chamber Matches Stats
Can you name the Wrestlers with the Most Elimination Chamber Matches?
By
freddie3000
7m
48 Questions
3,279 Plays
3,279 Plays
3,279 Plays
Comments
Comments
Give Quiz Kudos
Give Quiz Kudos
-
- Ratings
hide this ad
Replay
Link that replays current quiz
Next Quiz
Link to next quiz in quiz playlist
You Got
0%
They Got
Avg Score
62%
Avg Friend Score
Upgrade to see
Score Distribution
Jump to the score distribution portion of the page
Score
0/48
Timer
07:00
0
Plays Today
Amount of Matches
Wrestler
% Correct
6
Triple H
97.4%
5
John Cena
94.9%
3
The Undertaker
92.5%
6
Randy Orton
92.3%
5
Kane
91.9%
4
Shawn Michaels
90.7%
8
Chris Jericho
88.4%
4
Edge
87.9%
4
CM Punk
81.3%
2
Batista
81%
4
The Big Show
79.9%
1
Christian
78.5%
3
Daniel Bryan
77.5%
3
Sheamus
75.1%
3
Rey Mysterio
73.3%
2
Rob Van Dam
71.3%
2
Kofi Kingston
70.4%
2
Jeff Hardy
69.2%
1
Goldberg
68%
1
The Miz
65.7%
1
Mark Henry
62.4%
1
Booker T
62.3%
1
Chris Benoit
61.2%
1
Kurt Angle
60.9%
Amount of Matches
Wrestler
% Correct
2
John Morrison
60.2%
2
The Great Khali
59.9%
1
Dolph Ziggler
58.1%
1
Cesaro
58%
1
Jack Swagger
57.8%
1
Cody Rhodes
55%
1
Kevin Nash
53.7%
1
Bobby Lashley
52.8%
2
Wade Barrett
52.2%
1
Carlito
51%
1
Santino Marella
49.3%
1
John 'Bradshaw' Layfield
49.2%
1
Ted DiBiase Jr
48%
1
MVP
47.6%
1
Chris Masters
47%
3
R-Truth
46.3%
1
Finlay
44.5%
1
Test
42.5%
1
Umaga
42.1%
1
Big Daddy V
41.5%
1
Hardcore Holly
37.2%
1
Drew McIntyre
33.5%
1
Mike Knox
32.9%
1
Vladimir Kozlov
29.2%
Quiz Playlist
Details
Report
Send in Message
Add To Playlist
Classic:
Type in answers that appear in a list
Quiz Source
Last Updated: Jul 14, 2017
Curator Pick in
WWE
Quiz Scoreboard
CHALLENGE
Sign Up to Join the Scoreboard
Show All
Scores
Hide
Comments
May contain spoilers
Recently Published
9x9 Crossword: Cartoon Network
by jackfrog10
Miscellaneous
3m
College Basketball Coaching Resumes
by pancakes188
Sports
9m
Billboard Blitz: Fleetwood Mac
by CooCooCachoo
Music
15s
More to Explore
Quiz From the Vault
Featured Blog Post
Where Did the Easter Bunny Come From?
hide this ad
You Might Also Like...
Tags
WWE Quiz
Elimination Chamber
Wrestlers
Wrestling
Wrestling Match
Today's Top Quizzes in Sports
Browse Sports
hide this ad
Today's Top Quizzes in WWE
Browse WWE
Top Contributed Quizzes in Sports
1
2022 World Cup Stars
2
Les meilleurs buteurs des matchs entre le PSG et l’OM
3
FIFA Club World Cup Champions
4
Les entraîneurs de l'OM et du PSG au 21e siècle
5
Criteria MLB: Left Handed Sluggers
6
AFC Teams Reveal (Wrong Answers Minefield)
7
2023 MLB Unique Player Accomplishments
8
5-to-1: FBS Animal Nicknames
9
Players with Multiple 50 Home Run Seasons
10
5-to-1: UK Sports Teams
Explore More
Trending Topics
Kpop
Harry Potter
NBA
Disney
Crossword
Marvel
Anime
Country
WWE
Puzzle
Pokémon
Soccer
Song
NFL
The Office
hide this ad
More By:
freddie3000
Quiz
Plays
Rating
Category
Featured
Created
WWE Champions (Redux)
314,375
4.15
Sports
Mar 30, 2012
Game of Thrones 'Simpsonized'
164,244
4.69
Television
Jul 9, 2013
Breaking Bad 'Simpsonized'
79,874
4.70
Television
Aug 11, 2013
Doctor Who 'Simpsonized'
74,596
4.53
Television
Jul 21, 2013
Most Combined WrestleMania Match Times
70,474
4.58
Sports
Oct 2, 2011
Go to Creator's Profile
Score Distribution
Quiz Creator Spotlight
freddie3000
Follow
Send a Message
Quizzes Created
-
Created Quiz Play Count
-
More By This Creator
Popular Quizzes Today
1
Find the US States - No Outlines Minefield
2
Find the Countries of Europe - No Outlines Minefield
3
The Countries of the World
4
Find the US States
5
Risky Map Clicking: Biggest States A-Z
6
US States
7
Popular People in 1961
8
Movies - When Are They Set?
More Sports Quizzes
Anyone But Carlos Tevez
Quiz Lab
Trending Quizzes
Risky Map Clicking: Least Populous States A-Z
1-10 Letter G Words
1-10 Letter F Words
Risky Map Clicking: Next State Alphabetically
Adjectives in 80s TV Shows
Recently Updated
Leaping Animals
pecheneg
Reality TV Shows (A-Z)
bhenderson79
Rickey Henderson's Hall of Fame Teammates
pecheneg
Champions League XIs: Arsenal
pecheneg
Quick Pick: Celebrities in WWE's Hall of Fame
aduchscher
A-Z Keypad Blitz II
pecheneg
Multiple Oscar Actors
pecheneg
Mystery Phrase Blitz: Oscar 'Best Actors'
pecheneg
F. Scott Fitzgerald Novels
LTH
Pick 3 Villains
ddd62291
Trending Topics
Disney
Kpop
Harry Potter
Marvel
Crossword
NBA
Anime
Song
Soccer
Pokémon
NFL
The Office
Country
Puzzle
WWE
Your Account Isn't Verified!
In order to create a playlist on Sporcle, you need to verify the email address you used during registration. Go to your
Sporcle Settings
to finish the process.
Report this User
Report this user for behavior that violates our
Community Guidelines
.
Details:
Send Report
Go to the Sporcle.com Mobile Site →
Comments